01824nam a2200277uu 4500001000800000005001700008007001000025008004100035035001200076040001300088041000800101080000600109082000800115100004400123245013800167260003900305300001300344520097500357650005001332650003701382650003101419700004401450700003501494502001001529526000701539142334020260508090410.0co|||||||151005s2015 spa  a1423340 ccomduadb aspa aH 4a33610aCano Villegas, Carlos Alberto4auteaut10aEstructura tributaria determinante para el crecimiento, desarrollo y competitividad de las Mipymes en Colombia, durante el año 2015 aMedellín :bAutores (as),c2015. a1 CD-ROM3 aRESUMEN: En la actualidad, el Estado está buscando establecer las estrategias pertinentes para fortalecer el mercado interno, bajo este escenario, es imperioso que la creación de empresas se consolide como una constante y que, más allá de ello, se puedan mantener en el mercado siendo productivas. El que una empresa pueda mantenerse y tener ganancias, depende no sólo de las circunstancias que el Estado pueda o no crear, sino del manejo interno de la empresa. Los recursos, la toma de decisiones, la capacidad de emprendimiento e innovación, aunadas a una política económica y tributaria adecuada, pueden hacer la diferencia para las MiPyMEs. En este trabajo se pretende definir si Estado, estructura y legislación tributaria y administración eficiente, son factores determinantes para el crecimiento, desarrollo y competitividad de las Pymes en Colombia, durante el año 2015, para ello se recurrirá a una teorización desde distintos textos.  7aPequeña y mediana empresazColombia2armarc aPolítica tributaria - Colombia aCompetitividad empresarial10aArcila Arango, Edwin Fernando4auteaut10aCano Garcia, Rosalba4thseths b66c9 a66